| 000 | 01470nam a2200277Ia 4500 | ||
|---|---|---|---|
| 999 |
_c56135 _d56135 |
||
| 001 | 23236 | ||
| 003 | GE_BSU | ||
| 005 | 20250912182755.0 | ||
| 008 | 181216s1982||||ge |||||||||||||| ||geo|| | ||
| 040 | _cGE_BSU | ||
| 041 | _ageo | ||
| 080 | _a94(47+57)(075.8) ბ-57 | ||
| 100 |
_aბერხინი, ი. ბ. _925807 |
||
| 245 |
_aსსრკ ისტორია (1917-1977). ნაწ. 2 : (1938-1958) : _bდამხმ. სახელმძღვ. უნ-ტების სტუდენტებისათვის / _cი. ბ. ბერხინი ; მთარგმნ. : გ. ზედინიძე, გ. დემეტრაძე ; ქართ. გამოც. რედ. : ს. ჩხარტიშვილი. |
||
| 250 | _aთარგმ. მე-2 გადამუშ. გამოცემიდან | ||
| 264 |
_aთბილისი : _bთბილ. უნ-ტის გამ-ბა, _c1982. |
||
| 300 |
_a214 გვ. ; _c22 სმ. |
||
| 541 | _h2 ლ. | ||
| 653 | _aნაწ. 2 : (1938-1958) | ||
| 653 | _aსსრ კავშირის ისტორია | ||
| 653 | _aსსრკ ისტორია (1917-1977) | ||
| 700 |
_aჩხარტიშვილი, ს. _e რედაქტორი _925808 |
||
| 700 |
_aზედინიძე, გ. _eმთარგმნელი _925809 |
||
| 700 |
_aდემეტრაძე, გ. _eმთარგმნელი _925810 |
||
| 942 |
_cBK _2udc |
||